000 01299nam a22003737a 4500
003 CHAP
005 20250128112554.0
008 971013s1995 r 00010 d
010 _a39115
011 _a40087
035 _a44212
040 _cCHAP
090 _aTesis
100 1 0 _aAyala Garay, Alma Velia
_98938
245 _aEvaluación financiera de una granja productora de pollos de engorda
260 _aChapingo, Méx. :
_bEl autor,
_c1995
300 _a63 h.
_e+ anexos
502 _aTesis (Ing. Agr. Esp. en Economía Agrícola) -- UACH. Departamento de Economía Agrícola
590 _aALEPH
_b10
_c20130110
_lUCH01
_h1306
590 _aBATCH-UPD
_b10
_c20130110
_lUCH01
_h1701
590 _aBATCH-UPD
_b10
_c20130410
_lUCH01
_h1049
590 _aBATCH-UPD
_b10
_c20130914
_lUCH01
_h0444
590 _aBATCH-UPD
_b10
_c20130914
_lUCH01
_h2024
590 _aCONVERSION
_b10
_c20130109
_lUCH01
_h1322
650 1 4 _aAves de corral
_xCostos de producción.
_98641
650 1 4 _aAves de corral
_xEngorda.
_98647
650 1 4 _aAvicultura
_xAspectos económicos.
_98707
650 1 4 _aCarne de pollo.
_919157
650 1 4 _aGranjas avícolas.
_950400
901 _aBK
942 _cFOLL
949 _bBC
_cTES
_d-101273
_eTS1
_h30360
_i44212
_si
949 _bBC
_cTES
_d-101274
_eTS2
_fc.2
_h30361
_i44212
_si
999 _c39115
_d39115